000
00317nam a22001337a 4500
008
171124b xxu||||| |||| 00| 0 eng d
020
_a
9780849372612
041
_a
eng
080
_a
61
100
_a
3
101
_a
MP
245
_a
FATTY ACIDS IN FOODS AND THEIR HEALTH IMPLICATIONS
_c
CHOW, CH.K
942
_2
udc
_c
BK
999
_c
38479
_d
38479